Cargando...

Mathe matical ecology

Detalles Bibliográficos
Autor principal: Pielou, E C
Formato: Printed Book
Lenguaje:Undetermined
English
Publicado: New York John Wiley and Sons 1977
Materias:
LEADER 00627nam a2200193Ia 4500
008 140306s9999 xx 000 0 und d
041 |a eng 
082 |a 574 .5  |b PIE/MA 
100 |a Pielou, E C 
245 |a Mathe matical ecology 
260 |a New York  |b John Wiley and Sons  |c 1977 
300 |a 385 
365 |b Rs .77 .00 
650 |a ecological diversity 
650 |a Population dynamics 
650 |a species abundance relations 
942 |2 ddc  |c BK 
999 |c 115658  |d 115658 
952 |0 0  |1 0  |2 ddc  |4 0  |6 574__500000000000000_PIEMA  |7 0  |9 114154  |a KAUHCV  |b KAUHCV  |d 2002-04-24  |g 77.00  |o 574 .5 PIE/MA  |p KAU_HCV-4783  |r 2014-03-22  |w 2014-03-22  |y BK